Normal view
MARC view
- BARRETT,CLAIOC
Entry Personal Name
001 - CONTROL NUMBER
- control field: 89082
003 - CONTROL NUMBER IDENTIFIER
- control field: NUST
005 - DATE AND TIME OF LATEST TRANSACTION
- control field: 20220217100818.0
008 - FIXED-LENGTH DATA ELEMENTS
- fixed length control field: 220217|| aca||aabn | a|a d
040 ## - CATALOGING SOURCE
- Original cataloging agency: NUST
- Transcribing agency: NUST
100 ## - HEADING--PERSONAL NAME
- Personal name: BARRETT,CLAIOC
670 ## - SOURCE DATA FOUND
- Source citation: Work cat.: (NUST): BARRETT,CLAIOC., SPOTTER,S GUIDE TO URBAN /, 2011
